000 00332nam a2200145Ia 4500
005 20251222140033.0
008 251222s1900||||xx |||||||||||||| ||spa||
020 _a970-666-962-0
082 _a121.4/D61/2006
100 _aDescartes, René
245 0 _aDiscurso del Método:
250 _a2a.ed.
264 _bTomo
942 _cLIB
999 _c3038
_d3038